The realm of redemption: (Record no. 9011)

000 -LEADER
fixed length control field 00662nam a2200193 a 4500
001 - CONTROL NUMBER
control field :::00006792$&:&@@
003 - CONTROL NUMBER IDENTIFIER
control field OkBaRHE
005 - DATE AND TIME OF LATEST TRANSACTION
control field 20000607103333.0
008 - FIXED-LENGTH DATA ELEMENTS--GENERAL INFORMATION
fixed length control field s1957 j 000 0 eng u
040 ## - CATALOGING SOURCE
Transcribing agency
100 1# - MAIN ENTRY--PERSONAL NAME
Personal name Nelson, J. Robert (John Robert), 1920-
245 14 - TITLE STATEMENT
Title The realm of redemption:
Remainder of title studies in the doctrine of the nature of the church in contemporary Protestant theology.
260 ## - PUBLICATION, DISTRIBUTION, ETC. (IMPRINT)
Place of publication, distribution, etc London, UK:EN., :
Name of publisher, distributor, etc Epworth Press
Date of publication, distribution, etc 1957
300 ## - PHYSICAL DESCRIPTION
Extent 250 p. ;
Dimensions 22 cm.
650 ## - SUBJECT ADDED ENTRY--TOPICAL TERM
Topical term or geographic name as entry element Church
650 ## - SUBJECT ADDED ENTRY--TOPICAL TERM
Topical term or geographic name as entry element Theology, Doctrinal
942 ## - ADDED ENTRY ELEMENTS (KOHA)
Source of classification or shelving scheme
Koha item type Books
Copies
Price effective from Withdrawn status Not for loan Damaged status Date acquired Lost status Permanent Location Barcode Date last seen Shelving location Full call number Koha item type Source of classification or shelving scheme Copy number
2010-04-14   2010-04-14 RHEMA Bible Training College67922010-04-14General StacksBV 600 .N4Books 1